[Event "NED-ch U14"]
[Site "Almelo"]
[Date "2022.05.03"]
[Round "3"]
[White "Dekker, Thiemen"]
[Black "Venema, Maxime"]
[Result "1-0"]
[WhiteElo "1935"]
[BlackElo "1614"]
[PlyCount "79"]
[EventDate "2022.05.01"]
[EventType "swiss"]
[EventRounds "9"]
[EventCountry "NED"]
[SourceTitle "EXT 2023"]
[Source "ChessBase"]
[SourceDate "2022.10.05"]
[SourceVersion "1"]
[SourceVersionDate "2022.10.05"]
[SourceQuality "1"]

1. e4 c5 2. Nf3 d6 3. d4 cxd4 4. Nxd4 Nf6 5. Nc3 a6 6. Be3 e5 7. Nb3 Be7 8. f3 Be6 9. Qd2 b5 10. 0-0-0 0-0 11. g4 b4 12. Nd5 Bxd5 13. exd5 a5 14. Kb1 Nbd7 15. g5 Nh5 16. f4 exf4 17. Bxf4 Nxf4 18. Qxf4 Ne5 19. h4 f6 20. g6 Nxg6 21. Qe4 Ne5 22. Nd4 Qd7 23. Bh3 Qa7 24. Be6+ Kh8 25. h5 Nf7 26. Bf5 Ng5 27. Qg2 h6 28. Ne6 Rfb8 29. Bd3 Qe3 30. Rhe1 Qf3 31. Qd2 Ra7 32. Nf4 Kg8 33. Bf5 a4 34. Be6+ Nf7 35. Qd4 Rab7 36. Rd3 Qxd3 37. Qxd3 a3 38. b3 Rc7 39. Bxf7+ Kxf7 40. Qg6+ 1-0